| 000 | 00801nam a2200229 a 4500 | ||
|---|---|---|---|
| 001 | 000027262 | ||
| 005 | 20200930030717.0 | ||
| 008 | 110330s1987 dr a 000 0 spa d | ||
| 040 |
_aDO-SdBNP _bspa _cBNPHU |
||
| 082 |
_a263.925 _bD671t |
||
| 100 | 1 |
_aDomínguez, Roberto _938009 |
|
| 245 | 1 | 0 | _aTradiciones paganas de la semana santa. |
| 260 |
_aSanto Domingo : _bTaller, _c1987. |
||
| 300 |
_a71 p. ; _c19 cm. |
||
| 500 | _aIncluye datos biográficos del autor en la contracubierta. | ||
| 590 | _aInventariado, 2018/ YL | ||
| 650 | 4 |
_aRitos de semana santa _xEnsayos, conferencias, etc. _954316 |
|
| 650 | 4 |
_aBiblia y tradición _954317 |
|
| 650 | 4 |
_aPasión de jesús _954318 |
|
| 650 | 4 |
_aTradicion (teología) _xEnsayos, conferencias, etc. _954319 |
|
| 910 | _aValidado. Control de calidad EMS | ||
| 999 |
_c26754 _d26754 |
||